محاسبة الفنادق و المطاعم / (Record no. 74289)

MARC details
000 -LEADER
fixed length control field 00660nam a22002177a 4500
005 - DATE AND TIME OF LATEST TRANSACTION
control field 20251108172242.0
008 - FIXED-LENGTH DATA ELEMENTS--GENERAL INFORMATION
fixed length control field 250721s2000 xx 000 0 ara d
082 14 - DEWEY DECIMAL CLASSIFICATION NUMBER
Classification number 657.8/مقا
100 1# - MAIN ENTRY--PERSONAL NAME
Personal name مقابلة، خالد
245 10 - TITLE STATEMENT
Title محاسبة الفنادق و المطاعم /
246 11 - VARYING FORM OF TITLE
Title proper/short title hotel of restaurant accounting
264 1# - PRODUCTION, PUBLICATION, DISTRIBUTION, MANUFACTURE, AND COPYRIGHT NOTICE
Place of production, publication, distribution, manufacture عمان :
Name of producer, publisher, distributor, manufacturer دار وائل للنشر،
Date of production, publication, distribution, manufacture, or copyright notice 2000.
300 ## - PHYSICAL DESCRIPTION
Extent 372ص
490 0# - SERIES STATEMENT
Series statement سلسلة السياحة و الفندقة ؛5
650 17 - SUBJECT ADDED ENTRY--TOPICAL TERM
Topical term or geographic name as entry element المحاسبة
650 17 - SUBJECT ADDED ENTRY--TOPICAL TERM
Topical term or geographic name as entry element الفنادق
650 17 - SUBJECT ADDED ENTRY--TOPICAL TERM
Topical term or geographic name as entry element الميزانيات
650 17 - SUBJECT ADDED ENTRY--TOPICAL TERM
Topical term or geographic name as entry element التحليل المالي
942 ## - ADDED ENTRY ELEMENTS (KOHA)
Source of classification or shelving scheme Dewey Decimal Classification
Koha item type Books
Holdings
حالة السحب حالة الفقدان مصدر التصنيف حالة التلف غير قابل للإعارة المكتبة الرئيسية المكتبة الحالية موقع الرف تاريخ التزويد الرقم المتسلسل Total Checkouts رقم الإستدعاء الباركود تاريخ آخر ظهور تاريخ الفاتورة نوع المادة (كوها)
    Dewey Decimal Classification     المكتبة المركزية المكتبة المركزية الإعارة 06/07/2004 410450   657.8/مقا 410450 28/07/2025 06/07/2004 Books
    Dewey Decimal Classification     المكتبة المركزية المكتبة المركزية الإعارة 06/07/2004 410447   657.8/مقا 410447 28/07/2025 06/07/2004 Books
    Dewey Decimal Classification     مكتبة الأميرة ايمان العامة مكتبة الأميرة ايمان العامة الإعارة 16/09/2013 410451   657.8/مقا PLD00277335 28/07/2025 16/09/2013 Books
    Dewey Decimal Classification Unchecked   مكتبة الاميرة بديعة مكتبة الاميرة بديعة الإعارة 06/07/2004 410454   657.8/مقا   28/07/2025 06/07/2004 Books
    Dewey Decimal Classification Unchecked   مكتبة الجويدة مكتبة الجويدة الإعارة 06/07/2004 410455   657.8/مقا   28/07/2025 06/07/2004 Books
    Dewey Decimal Classification     مكتبة الحسن العامة مكتبة الحسن العامة الإعارة 06/07/2004 410456   657.8/مقا 410456 28/07/2025 06/07/2004 Books
    Dewey Decimal Classification     مكتبة صويلح العامة مكتبة صويلح العامة الإعارة 06/07/2004 410452   657.8/مقا 410452 28/07/2025 06/07/2004 Books
Implemented & Customized by: BBB with SCIT (Smart Chains for Information Technology)

Powered by Koha